[Event "IND-ch U11 30th"]
[Site "India"]
[Date "2016.07.04"]
[Round "9"]
[White "Kalur, Nikhil"]
[Black "Dikshant, Dash"]
[Result "1/2-1/2"]
[WhiteElo "1371"]
[BlackElo "1589"]
[PlyCount "71"]
[EventDate "2016.06.28"]
[EventType "swiss"]
[EventRounds "11"]
[EventCountry "IND"]
[SourceTitle "CBM 173 Extra"]
[Source "ChessBase"]
[SourceDate "2016.08.29"]
[SourceVersion "1"]
[SourceVersionDate "2016.08.29"]
[SourceQuality "1"]

1. e4 c6 2. d3 d5 3. Nd2 e5 4. Ngf3 Nd7 5. g3 Ngf6 6. Bg2 Bd6 7. 0-0 0-0 8. b3 Qc7 9. Bb2 b6 10. Re1 Bb7 11. h4 Rfe8 12. Nh2 a5 13. a4 Nc5 14. Ng4 Nxg4 15. Qxg4 Bc8 16. Qd1 Bb7 17. Qg4 Bc8 18. Qd1 Bb7 19. Qg4 Bc8 20. Qe2 d4 21. Nc4 Bf8 22. Qd2 Be6 23. Na3 Na6 24. Qe2 Qd7 25. Kh2 Be7 26. Rf1 Qc7 27. Bc1 Bb4 28. Nb1 f6 29. f4 exf4 30. Bxf4 Qe7 31. Bd2 Qd7 32. Qf2 Bg4 33. Bf3 Bxf3 34. Qxf3 Bxd2 35. Nxd2 Nb4 36. Qd1 1/2-1/2

[Event "IND-ch U11 30th"]
[Site "India"]
[Date "2016.07.01"]
[Round "6"]
[White "Kalur, Nikhil"]
[Black "Mahitosh, Dey"]
[Result "0-1"]
[WhiteElo "1371"]
[BlackElo "1658"]
[PlyCount "104"]
[EventDate "2016.06.28"]
[EventType "swiss"]
[EventRounds "11"]
[EventCountry "IND"]
[SourceTitle "CBM 173 Extra"]
[Source "ChessBase"]
[SourceDate "2016.08.29"]
[SourceVersion "1"]
[SourceVersionDate "2016.08.29"]
[SourceQuality "1"]

1. e4 e5 2. Nf3 Nc6 3. Bb5 a6 4. Ba4 Nf6 5. 0-0 b5 6. Bb3 Bb7 7. Re1 Bc5 8. c3 d6 9. d4 Bb6 10. d5 Ne7 11. Nbd2 c6 12. dxc6 Bxc6 13. h3 0-0 14. Bc2 Qc7 15. Nf1 h6 16. Ng3 Rfd8 17. Nh2 d5 18. Qe2 d4 19. Bd2 d3 20. Bxd3 Qd7 21. Be3 Bxe3 22. Qxe3 Qxd3 23. Qc5 Qd6 24. Qb6 Be8 25. Qe3 Qd2 26. Qc5 Qd6 27. Qe3 Qc7 28. Nf3 Ng6 29. Nf5 Nf4 30. Kh1 Rd3 31. Qc1 Bc6 32. Ng3 Nxh3 33. gxh3 Rxf3 34. Kg2 Rd3 35. Kh2 Kh7 36. Re3 Rad8 37. Rxd3 Rxd3 38. Qc2 Qd7 39. Qe2 h5 40. Rg1 Bxe4 41. Re1 Bg6 42. Qf1 h4 43. Ne2 Ne4 44. Ng1 Ng5 45. Qg2 Qf5 46. Re3 Qf4+ 47. Kh1 Rxe3 48. fxe3 Qxe3 49. Nf3 Nxf3 50. Qxg6+ Kxg6 51. Kg2 Qe2+ 52. Kh1 Qf1# 0-1

[Event "IND-ch U11 30th"]
[Site "India"]
[Date "2016.06.29"]
[Round "2"]
[White "Kalur, Nikhil"]
[Black "Sreeshwan, Maralakshikari"]
[Result "1/2-1/2"]
[WhiteElo "1371"]
[BlackElo "1850"]
[PlyCount "105"]
[EventDate "2016.06.28"]
[EventType "swiss"]
[EventRounds "11"]
[EventCountry "IND"]
[SourceTitle "CBM 173 Extra"]
[Source "ChessBase"]
[SourceDate "2016.08.29"]
[SourceVersion "1"]
[SourceVersionDate "2016.08.29"]
[SourceQuality "1"]

1. e4 c5 2. Nf3 d6 3. d4 cxd4 4. Nxd4 Nf6 5. Nc3 a6 6. Be2 e5 7. Nb3 Be7 8. 0-0 0-0 9. Be3 Be6 10. Qd2 Nbd7 11. a4 Nb6 12. h3 Qc7 13. a5 Nc4 14. Bxc4 Bxc4 15. Rfd1 Rac8 16. Bb6 Qc6 17. Qe3 Rfe8 18. Nd2 d5 19. Nxc4 dxc4 20. Nd5 h6 21. Nxf6+ Bxf6 22. Rd5 Bd8 23. Bxd8 Rcxd8 24. Rad1 Qc7 25. Qd2 Rxd5 26. Qxd5 Kh7 27. Qd7 Re7 28. Qxc7 Rxc7 29. Rd5 f6 30. Kf1 Kg6 31. Ke2 Kf7 32. f3 Ke6 33. Kd2 h5 34. g4 g5 35. Ke3 hxg4 36. hxg4 Rc6 37. Kd2 Rd6 38. Rxd6+ Kxd6 39. Kc3 Kc5 40. b3 cxb3 41. cxb3 Kb5 42. b4 b6 43. axb6 Kxb6 44. Kb2 Kb5 45. Kb3 Kc6 46. Kc2 Kc7 47. Kc3 Kb6 48. Kb2 Kb5 49. Kb3 Kc6 50. Kc2 Kb6 51. Kb2 Ka7 52. Ka3 Kb6 53. Kb2 1/2-1/2